Činnost diskontních domů v bankovním systému
Vznik systému diskontných domov. Diskontné domy ako medzičlánok na peňažnom trhu Veľkej Británie. Aktivity súčasných diskontných domov.
Saved in:
| Main Author: | |
|---|---|
| Format: | Book Chapter |
| Language: | Czech |
| Subjects: | |
| Tags: |
No Tags, Be the first to tag this record!
|
MARC
| LEADER | 00000naa a2200000 4500 | ||
|---|---|---|---|
| 001 | r023793 | ||
| 005 | 20221213081727.7 | ||
| 041 | 0 | |a cze | |
| 044 | |a CZ | ||
| 245 | 1 | 0 | |a Činnost diskontních domů v bankovním systému |c J. Stoulil |
| 520 | |a Vznik systému diskontných domov. Diskontné domy ako medzičlánok na peňažnom trhu Veľkej Británie. Aktivity súčasných diskontných domov. | ||
| 610 | 2 | 0 | |a diskont |
| 610 | 2 | 0 | |a eskont |
| 610 | 2 | 0 | |a Veľká Británia |
| 610 | 2 | 0 | |a trh peňažný |
| 610 | 2 | 0 | |a poukážky pokladničné |
| 610 | 2 | 0 | |a zmenky |
| 610 | 2 | 0 | |a certifikáty depozitné |
| 610 | 2 | 0 | |a banky emisné |
| 610 | 2 | 0 | |a banky obchodné |
| 100 | 1 | |a Stoulil, J. | |